000 00416nam a22001810a 4500
001 PT34010
003 AR-LpoUNG
005 20210131230142.0
008 191001suuuu||||ag |||||||||||||||||spa d
040 _aAR-LpoUNG
_bspa
_cAR-LpoUNG
_eaacr
041 _aspa
082 0 _a320.092 648sen
100 1 _aBlixen, Samuel
245 1 0 _aSendic
260 _as.l.
_bde la Campana,
_cs.f.
905 _a34010
942 _cLIB
999 _c1750
_d1750